000 00738nam a2200229 i 4500
001 145832
003 ES-MaACL
005 20250807210244.0
007 t|
008 071017s1972 sp ||||1| spa d
080 _a159.922-055.2
100 1 _aVergés, Salvador.
_9114112
245 1 0 _aFisonomía de la mujer moderna :
_bdimensión psicosocial de la sexualidad /
_cSalvador Vergés.
260 _aBilbao :
_bMensajero,
_c[1972]
300 _a165 p. ;
_c18 cm.
490 1 _aTemas actuales de teología pastoral
650 4 _aMujeres-
_xConducta sexual
_915259
650 4 _aMujeres-
_xPsicología.
_915309
830 1 _aTemas actuales de teología pastoral
_9220797
852 4 _aES-MaACL
_jC-52658
999 _c145832
_d145832